000 00661cam a22001814a 4500
005 20250605163426.0
008 250528s ||||||||||||||||||||||||d
035 _a18917
020 _a9607114167
040 _aGR-AtMCL
_bgre
_dGR-AtMCL
_eAACR2
245 1 _aReading Comprehension / Cambridge First Certificate : Teacher's Book 1
260 _bC.N.Grivas
_bGrivas,
_c1991
300 _a148
520 _aThe purpose of this innovative approach to the Cambridge First Certificate is to enhance candidates' knowledge through comprehensive study material, covering various aspects of the English language.
942 _cBK
999 _c4218
_d4218